000 00446nam a2200181Ia 4500
003 OSt
005 20220509111225.0
008 210210b1927 xxu||||| |||| 00| 0 eng d
040 _aAL
_c
041 _aeng
082 _a825/612
100 _aNICOLL (Allardyce)
_934907
245 _aBritish drama
260 _aLondon
_bGeorge G Harrap and Company Limited
_c1927
690 _aEnglish Criticism
_934910
906 _a014928
942 _2ddc
_cBK
999 _c134158
_d134158